<?xml version="1.0" encoding="UTF-8"?>
<record
    xmlns:xsi="http://www.w3.org/2001/XMLSchema-instance"
    xsi:schemaLocation="http://www.loc.gov/MARC21/slim http://www.loc.gov/standards/marcxml/schema/MARC21slim.xsd"
    xmlns="http://www.loc.gov/MARC21/slim">

  <leader>01838nam a2200337 u 4500</leader>
  <controlfield tag="001">933722</controlfield>
  <controlfield tag="005">20260506155700.0</controlfield>
  <controlfield tag="007">co|||||||</controlfield>
  <controlfield tag="008">050707e20050601                    spa  </controlfield>
  <datafield tag="035" ind1=" " ind2=" ">
    <subfield code="a">933722</subfield>
  </datafield>
  <datafield tag="040" ind1=" " ind2=" ">
    <subfield code="c">comduadb</subfield>
  </datafield>
  <datafield tag="041" ind1=" " ind2=" ">
    <subfield code="a">spa</subfield>
  </datafield>
  <datafield tag="080" ind1=" " ind2=" ">
    <subfield code="a">EAG</subfield>
  </datafield>
  <datafield tag="082" ind1=" " ind2="4">
    <subfield code="a">658</subfield>
  </datafield>
  <datafield tag="100" ind1="1" ind2="0">
    <subfield code="a">Casas Zabala, Maribel</subfield>
    <subfield code="4">aut</subfield>
    <subfield code="e">aut</subfield>
    <subfield code="9">542649</subfield>
  </datafield>
  <datafield tag="245" ind1="1" ind2="0">
    <subfield code="a">Dise&#xF1;o de un modelo de mejoramiento de procesos para la Empresa Distribuidora Persal Ltda</subfield>
  </datafield>
  <datafield tag="260" ind1=" " ind2=" ">
    <subfield code="a">Medell&#xED;n :</subfield>
    <subfield code="b">[sin publicador],</subfield>
    <subfield code="c">2005.</subfield>
  </datafield>
  <datafield tag="300" ind1=" " ind2=" ">
    <subfield code="a">174 p&#xE1;ginas</subfield>
  </datafield>
  <datafield tag="520" ind1="3" ind2=" ">
    <subfield code="a">La Empresa Distribuidora Persal Ltda., consiente de la importancia de la certificaci&#xF3;n ISO 9000, ha empezado un proceso de normalizaci&#xF3;n; teniendo en cuenta que en la actualidad a nivel mundial la norma es requerida, debido a que garantiza la calidad de un producto mediante la implementaci&#xF3;n de controles exhaustivos, asegur&#xE1;ndose de que todos los procesos que han intervenido en su fabricaci&#xF3;n operan dentro de las caracter&#xED;sticas previstas. Es por esto que este trabajo se centra en el dise&#xF1;o de un modelo de mejoramiento de procesos que permita en un futuro implementar un Sistema de Calidad para la empresa.</subfield>
  </datafield>
  <datafield tag="650" ind1=" " ind2="7">
    <subfield code="a">Mejoramiento de procesos</subfield>
    <subfield code="2">lemb</subfield>
    <subfield code="9">108954</subfield>
  </datafield>
  <datafield tag="650" ind1=" " ind2=" ">
    <subfield code="a">Procesos empresariales</subfield>
    <subfield code="9">29254</subfield>
  </datafield>
  <datafield tag="650" ind1=" " ind2=" ">
    <subfield code="a">Sistemas de calidad</subfield>
    <subfield code="9">37200</subfield>
  </datafield>
  <datafield tag="650" ind1=" " ind2=" ">
    <subfield code="a">Administraci&#xF3;n por procesos</subfield>
    <subfield code="9">97999</subfield>
  </datafield>
  <datafield tag="650" ind1=" " ind2=" ">
    <subfield code="a">Norma ISO: 9000</subfield>
    <subfield code="9">157488</subfield>
  </datafield>
  <datafield tag="650" ind1=" " ind2="7">
    <subfield code="a">Calidad total</subfield>
    <subfield code="2">embne</subfield>
    <subfield code="9">29803</subfield>
  </datafield>
  <datafield tag="700" ind1="1" ind2="0">
    <subfield code="a">Guti&#xE9;rrez Hincapi&#xE9;, Alejandra</subfield>
    <subfield code="4">aut</subfield>
    <subfield code="e">aut</subfield>
    <subfield code="9">402991</subfield>
  </datafield>
  <datafield tag="700" ind1="1" ind2="0">
    <subfield code="a">Vel&#xE1;squez Parra, Julio C&#xE9;sar</subfield>
    <subfield code="4">aut</subfield>
    <subfield code="e">aut</subfield>
    <subfield code="9">542650</subfield>
  </datafield>
  <datafield tag="700" ind1="1" ind2="0">
    <subfield code="a">Vega Zuluaga, Juan David</subfield>
    <subfield code="4">ths</subfield>
    <subfield code="e">ths</subfield>
    <subfield code="9">354058</subfield>
  </datafield>
  <datafield tag="942" ind1=" " ind2=" ">
    <subfield code="c">TESIS</subfield>
  </datafield>
  <datafield tag="999" ind1=" " ind2=" ">
    <subfield code="c">362812</subfield>
    <subfield code="d">362812</subfield>
  </datafield>
  <datafield tag="500" ind1=" " ind2=" ">
    <subfield code="a">Tesis (Especialista en Alta Gerencia con &#xC9;nfasis en Calidad) Universidad de Antioquia. Departamento de Ingenier&#xED;a Industrial - T&#xED;tulo del grado otorgado</subfield>
  </datafield>
  <datafield tag="952" ind1=" " ind2=" ">
    <subfield code="0">0</subfield>
    <subfield code="1">0</subfield>
    <subfield code="4">0</subfield>
    <subfield code="7">0</subfield>
    <subfield code="8">TESDIGBC</subfield>
    <subfield code="a">BC</subfield>
    <subfield code="b">BC</subfield>
    <subfield code="d">2005-07-07</subfield>
    <subfield code="e">Material adquirido por donaci&#xF3;n</subfield>
    <subfield code="i">C872261</subfield>
    <subfield code="l">0</subfield>
    <subfield code="o">658.4 C335d CD-ROM</subfield>
    <subfield code="p">0560023</subfield>
    <subfield code="r">2023-04-26 00:00:00</subfield>
    <subfield code="t">1</subfield>
    <subfield code="w">2023-04-26</subfield>
    <subfield code="y">DIGITAL</subfield>
  </datafield>
  <datafield tag="952" ind1=" " ind2=" ">
    <subfield code="0">0</subfield>
    <subfield code="1">0</subfield>
    <subfield code="4">0</subfield>
    <subfield code="7">0</subfield>
    <subfield code="8">TESELEC</subfield>
    <subfield code="a">CENDI</subfield>
    <subfield code="b">CENDI</subfield>
    <subfield code="d">2007-06-20</subfield>
    <subfield code="i">C954057</subfield>
    <subfield code="l">0</subfield>
    <subfield code="o">EAG 07076</subfield>
    <subfield code="r">2023-04-26 00:00:00</subfield>
    <subfield code="t">2</subfield>
    <subfield code="w">2023-04-26</subfield>
    <subfield code="y">DIGITAL</subfield>
  </datafield>
</record>
